Directors by Most Popular Movies - Statistics

General Stats
  • This quiz has been taken 142 times
  • The average score is 9 of 15
Answer Stats
Movies Director % Correct
Jaws, Raiders of the Lost Ark, E.T. the Extra-Terrestrial, Jurassic Park, Schindler's List Steven Spielberg
99%
Beetlejuice, Edward Scissorhands, Charlie and the Chocolate Factory, Alice in Wonderland, Frankenweenie Tim Burton
92%
Memento, Batman Begins, Inception, Interstellar, Oppenheimer Christopher Nolan
91%
Reservoir Dogs, Pulp Fiction, Kill Bill: Volume 1, Inglorious Basterds, Django Unchained Quentin Tarantino
91%
The Terminator, Aliens, True Lies, Titanic, Avatar James Cameron
88%
Romancing the Stone, Back to the Future, Who Framed Roger Rabbit, Forrest Gump, Cast Away Robert Zemeckis
77%
The Royal Tenenbaums, The Life Aquatic With Steve Zissou, Fantastic Mr. Fox, Moonrise Kingdom, The Grand Budapest Hotel Wes Anderson
77%
The Virgin Suicides, Lost in Translation, Marie Antoinette, The Beguiled, Priscilla Sofia Coppola
65%
Bad Boys, The Rock, Armageddon, Pearl Harbor, Transformers Michael Bay
62%
Willow, Apollo 13, How the Grinch Stole Christmas?, A Beautiful Mind, The Da Vinci Code Ron Howard
59%
Elf, Zathura: A Space Adventure, Iron Man, The Jungle Book, The Lion King Jon Favreau
48%
Clerks, Mallrats, Chasing Amy, Dogma, Jay and Silent Bob Strike Back Kevin Smith
46%
Dazed and Confused, Before Sunset, School of Rock, Bernie, Everybody Wants Some!! Richard Linklater
29%
Monster's Ball, Finding Neverland, Quantum of Solace, World War Z, A Man Called Otto Marc Forster
9%
The Addams Family, Men in Black, Wild Wild West, Big Trouble, Nine Lives Barry Sonnenfield
5%
No matching quizzes found
Score Distribution
Percent of People with Each Score
Percentile by Number Answered
Your Score History
You have not taken this quiz